000 00552nam a2200181Ia 4500
008 090124s9999 xx 000 0 und d
082 _b303479
100 _aमांडे अरुण
245 _a द टर्मिनल मॅन
250 _a1
260 _bक्रिश्टन मायकेल
_c1998
300 _a204
600 _aमांडे अरुण
630 _a द टर्मिनल मॅन
700 _aमांडे अरुण
730 _a द टर्मिनल मॅन
942 _cBOOK
999 _c193116
_d193116